000 00249nam a2200097Ia 4500
001 711401
005 20250826162807.0
008 250824s9999 xx 000 0 und d
245 0 _aYAŞADIĞIM GİBİ
_cAHMET HAMDİ TANPINAR
260 _bDERGAH YAYINLARI
999 _c711401
_d711401